Werewolf Pop Culture - Statistics

General Stats
  • This quiz has been taken 22 times
  • The average score is 8 of 15
Answer Stats
Hint Answer % Correct
Phase of the moon most associated with transformation Full Moon
100%
Metal that traditionally kills a werewolf Silver
89%
Leader of the pack Alpha
79%
Edward Cullen's rival Jacob Black
74%
Common transmission method of lycanthropy Bite
68%
Character that became a werewolf to defeat Dracula in the 2004 movie of the same name Gabriel Van Helsing
58%
Movie starring Michael J Fox Teen Wolf
53%
This film was also directed by the John Landis who directed the above An American Werewolf in London
47%
In Harry Potter, what is the first name of the werewolf Professor Lupin? Remus
47%
Music video that started with a couple watching a Werewolf film Thriller
47%
In The Vampire Diaries, what is the plant that can weaken or poison a werewolf? Wolfsbane
47%
1941 American horror film The Wolf Man
37%
Location of the sequel to the above Paris
32%
1981 movie starring Dee Wallace The Howling
21%
In Greek mythology, what king was turned into a wolf by Zeus? Lycaon
16%
No matching quizzes found
Score Distribution
Percent of People with Each Score
Percentile by Number Answered
Your Score History
You have not taken this quiz